00986cam a2200277 a 4500999001500000001000600015003000900021005001700030008004100047020001900088020001500107040003800122082002100160100002400181245009800205260005600303300004100359490002900400504005100429650003000480650002700510700001900537700002100556942001200577952011900589 c3304d330415204BD-DhUAP20210131093745.0200303s1998 bg abf b f000 0 eng  a9782940439263  a2940439265 aBD-DhUAPcBD-DhUAPdBD-DhUAPbEng a791.4302 EDG223 aEdgar-Hunt, Robert. aBasics Film-Making 02 :bScreenwriting /cRobert Edgar-Hunt, John Marland and James Richards. aHuntingdon, GBR : bBloomsbury Publishing,cc2009. a207 pages :billustrations ;c23 cm. aBasics film-making ;v2. aIncludes bibliographical references and index. aMotion picture authorship aTelevision authorship. aMarland, John  aRichards, James  2ddccBK 00102ddc4070aUAPCLbUAPCLcGeneral Stacksd2020-03-03o791.4302 EDGp3010015204r2020-03-03t1w2020-03-03yBK